|
|
|
|
| LEADER |
00000nam a2200000 a 4500 |
| 001 |
vtls001478601 |
| 003 |
SK-MaSNL |
| 005 |
20260301073939.0 |
| 008 |
251117s2004 xo a 0 slo |
| 015 |
|
|
|a SNBE2004/03-01461
|
| 020 |
|
|
|a 8085159678
|
| 035 |
|
|
|a SNK000433901
|
| 040 |
|
|
|a SNK
|b slo
|c SNK
|e AACR2
|
| 043 |
|
|
|a e-xo---
|
| 044 |
|
|
|a xo
|c SK
|
| 072 |
|
7 |
|a 77
|2 konspekt
|
| 080 |
|
|
|a 77.04:77.063:061.4(083.9)
|2 2. slo
|
| 080 |
|
|
|a 77.063
|2 2. slo
|
| 080 |
|
|
|a 77.03/.06
|2 1981
|
| 080 |
|
|
|a (083.824)
|2 1981
|
| 111 |
1 |
|
|a Amfo a diafoto
|d 2004
|c Sliač, Slovensko
|4 aut
|9 395807
|
| 245 |
1 |
|
|a AMFO a DIAFOTO 2004
|b krajská súťaž a výstava amatérskej fotografie : Liečebný dom Palace, Sliač - kúpele 4. - 30. jún 2004
|c zostavila: Angela Vidholdová
|
| 250 |
|
|
|a [1. vyd.]
|
| 260 |
|
|
|a Vo Zvolene
|b Podpolianske osvetové stredisko
|c 2004
|
| 300 |
|
|
|a [12] s.
|b čiernob. fotogr.
|c 20 x 21 cm
|
| 500 |
|
|
|a 780 výt. Nepredajné!
|
| 500 |
|
|
|a Usporiadateľ: Podpolianske osvetové stredisko vo Zvolene, Kúpele Sliač
|
| 504 |
|
|
|a Zoznam vystavujúcich autorov
|
| 610 |
0 |
7 |
|a AMFO a DIAFOTO
|d 2004
|2 SNK
|9 395808
|
| 610 |
0 |
7 |
|a Amfo a diafoto
|d 2004
|x súťaže
|x výstavy
|x katalógy
|2 SNK
|9 395809
|
| 611 |
1 |
7 |
|a AMFO a DIAFOTO
|c Sliač, Slovensko
|d 2004
|2 SNK
|9 395810
|
| 611 |
1 |
7 |
|a Amfo a diafoto
|d 2004
|c Sliač, Slovensko
|x súťaže
|x výstavy
|x katalógy
|2 SNK
|9 395811
|
| 650 |
0 |
7 |
|a umelecká fotografia
|2 SNK
|9 29370
|
| 650 |
0 |
7 |
|a amatérska fotografia
|2 SNK
|9 72795
|
| 650 |
0 |
7 |
|a fotografia
|2 SNK
|9 1694
|
| 655 |
|
7 |
|a katalógy výstav
|2 SNK
|9 70445
|
| 655 |
|
7 |
|a katalógy výstav
|2 SNK
|9 70445
|
| 700 |
1 |
|
|a Vidholdová, Angela
|4 com
|9 353447
|
| 710 |
0 |
|
|a Podpolianske osvetové stredisko (Zvolen, Slovensko)
|4 orz
|9 32680
|
| 710 |
0 |
|
|a Slovenské liečebné kúpele Sliač, Slovensko
|4 orz
|9 395812
|
| 710 |
0 |
|
|a Slovenské liečebné kúpele Kováčová, Slovensko
|4 orz
|9 395813
|
| 752 |
|
|
|d Zvolen
|
| 919 |
|
|
|a 80-85159-67-8
|
| 999 |
|
|
|c 645697
|d 647627
|
| 952 |
|
|
|t P60, <03>, [BOOK], {603}
|a SNK
|b SNK
|y PREZ
|7 0
|p 17A0437311
|o snkOSD 8519
|i snkKSP 9436/2004
|0 0
|1 0
|4 0
|d 2004-07-15
|l 0
|r 2005-01-02 00:00:00
|w 2026-02-23
|
| 952 |
|
|
|t P60, <04>, [BOOK], {604}
|a SNK
|b SNK
|y VYP
|7 0
|p 17A0437266
|o snkOSD 8519 D1
|i snkKSP 9437/2004
|0 0
|1 0
|4 0
|d 2004-07-15
|l 0
|r 2005-01-02 00:00:00
|w 2026-02-23
|